00905nam a22002537a 45000010005000000030006000050050017000110080041000280200018000690400029000870500017001160820013001331000030001462450089001762500041002652600035003063000039003415050007003805200164003875210019005515210018005706500034005886500029006226072FISKH20250307132556.0250306b cb ||||| |||| 00| 0 eng d a9780679803713 aFISKHbengcFISKHdFISKH aPZ7.M36353 T a741.5942 aWells, H.Gd(1866–1946) aThe time machine /cby H.G. Wells ; Adapted by Lea Martin ; Ilustrated by John Edena aThis edition first published in 1990 aNew York :bA Stepping,c1990. a93 pages :billustrations ;c20 cm aZ  aA scientist invents a time machine and uses it to travel to the year 802,701 A.D., where he discovers the childlike Eloi and the hideous underground Morlocks. 8 a1010 bLexile 8 aZ bRaz-Plus  2Time machineaScience fiction 2Adapted versionaFic Wel